| 000 | 01854cam a22004697a 4500 | ||
|---|---|---|---|
| 003 | CHAP | ||
| 005 | 20240403115628.0 | ||
| 008 | 010612d2000 mx d r 00110 spa d | ||
| 010 | _a84152 | ||
| 011 | _a85124 | ||
| 020 | _a968884716X | ||
| 035 | _a95655 | ||
| 040 | _cCHAP | ||
| 090 | _aFolleto 16222 | ||
| 100 | 1 | 0 |
_aGarcía Chávez, Luis Ramiro _945860 |
| 245 | 1 | 3 |
_aLa agroindustria azucarera de México: _breformas estructurales y sus implicaciones para el mercado de los edulcorantes _c/por Luis Ramiro García Chávez y Thomas H. Spreen |
| 260 |
_aChapingo, Méx. : _bUACH. Centro de Investigaciones Económicas, Sociales y Tecnológicas de la Agroindustria y la Agricultura Mundial, _c2000 |
||
| 300 |
_a44 p. : _bgráfs. ; cuadros |
||
| 410 | 2 | 1 | _aUACH. CIESTAAM |
| 490 | 0 |
_aReporte de investigación _v55 |
|
| 500 | _aen bodega c.4 | ||
| 590 |
_aBATCH-UPD _b10 _c20130110 _lUCH01 _h1215 |
||
| 590 |
_aBATCH-UPD _b10 _c20130410 _lUCH01 _h0752 |
||
| 590 |
_aBATCH-UPD _b10 _c20130914 _lUCH01 _h0837 |
||
| 590 |
_aCONVERSION _b10 _c20130109 _lUCH01 _h1347 |
||
| 650 | 1 | 4 |
_aCaña de azúcar _xAspectos económicos. _918577 |
| 650 | 1 | 4 |
_aCaña de azúcar _zMéxico. _918668 |
| 650 | 1 | 4 |
_aEdulcorantes. _935703 |
| 650 | 1 | 3 |
_aIndustria azucarera _957780 |
| 650 | 1 | 4 |
_aIngenios azucareros _xMéxico. _958311 |
| 650 | 1 | 4 | _aTratado Trilateral de Libre Comercio. |
| 700 | 0 |
_aSpreen, Thomas H. _9109275 |
|
| 810 | 0 | 1 |
_aUACh. CIESTAAM _9115844 |
| 830 | 0 |
_aReporte de investigación _v55 _996000 |
|
| 901 | _aBK | ||
| 905 | _aMarco A. Mendoza T. | ||
| 942 | _cFOLL | ||
| 949 |
_aFolleto 16222 _bBC _cFOLL _d33724000934717 _eTS2 _fc.2 _i95655 _si |
||
| 949 |
_aFolleto 16222 _bBC _cFOLL _d95655 _eTS2 _fc.4 _gDonaciØn _i95655 _sb |
||
| 949 |
_aFolleto 16222 _bBC _cFOLL _d956551 _eTS1 _i95655 _sb |
||
| 949 |
_aFolleto 16222 _bBC _cUACH _d956553 _eUACH _fc.3 _i95655 _sb |
||
| 999 |
_c84152 _d84152 |
||